00181 a2200073 4500001000700000040003500007240003500042245003000077155203 cEscola São Tomás de Aquino10aO fascinante mundo animallpor10aO fascinante mundo animal